Statistiche per Stati per PIL (nominale) - Asia

Clicka qui per fare il quiz!

Statistiche generali

  • Questo quiz è stato fatto 9 volte
  • Il punteggio medio è 8 su 10

Statistiche sulle risposte

PIL nominale (mld. $US)Nazione% Corretto
17 700 899Cina
100%
4 230 862Giappone
100%
1 709 232Corea del Sud
89%
3 732 224India
89%
1 417 387Indonesia
89%
1 862 470Russia
89%
497 347Singapore
89%
512 193Thailandia
67%
1 154 060Turchia
67%
446 349Bangladesh
44%

Distribuzione punteggi

Percentile per numero di risposta

Percentuale di utenti per punteggio

I tuoi punteggi nel tempo

Non hai fatto questo quiz